000 00768nam a2200253Ia 4500
003 OSt
005 20220923220002.0
006 a|||||r|||| 00| 0
007 ta
008 220922b |||||||| |||| 00| 0 hin d
024 _a183,355
037 _cTextual
040 _aARTS
_cARTS
_bhin
041 _2hin
_ahin
082 _aO152,1N564x, M8
100 _aसुरंजन
245 0 _aतुम मेरे धर मत आना
246 _aTum mere dhar mat ānā
260 _aनई दिल्ली
_b प्रवीण प्रकाशन
_c1988
300 _a79 पृ.
_ccm.
650 _aभारत-इतिहास
_9156353
942 _hO152,1N564x, M8
_cTEXL
_2CC
999 _c336691
_d336691